| 000 | 00406nam a2200169 a 4500 | ||
|---|---|---|---|
| 001 | 7434 | ||
| 005 | 20180713191328.0 | ||
| 008 | 140415s1992 000 0 spa d | ||
| 041 | _aspa | ||
| 082 |
_a137 _bMIC |
||
| 100 | 1 | _aMichel, Guillermo,. | |
| 245 | 1 | 0 | _aAPRENDE A SER TU MISMO |
| 250 | _a3a ed. | ||
| 260 |
_a[s.l.] : _bTRILLAS, _c1992 |
||
| 300 | _a126 | ||
| 650 | 1 | 4 | _aAUTOCONTROL |
| 999 |
_c7434 _d7434 |
||